|
|
|
|
| LEADER |
00000nam a2200000Ii 4500 |
| 001 |
DIGUCAUCA0032 |
| 003 |
NyNyDIG |
| 008 |
191129s2018 ck a ob 001 0 spa d |
| 006 |
m o d |
| 007 |
cr ||||||||||| |
| 035 |
|
|
|a (OCoLC)1132366540
|
| 040 |
|
|
|a DGITA
|b eng
|e rda
|e pn
|c DGITA
|
| 020 |
|
|
|z 9789587323146
|
| 020 |
|
|
|z 9587323149
|
| 043 |
|
|
|a s-ck---
|
| 050 |
1 |
4 |
|a BX4220.C7 ebook
|
| 082 |
0 |
4 |
|a 271.9009861
|
| 100 |
1 |
|
|a Rada Arina, José,
|d 1921-2015,
|e author.
|
| 245 |
1 |
0 |
|a Anales del convento de Santa Cruz de la Popa de Cartagena de Indias (1606-2006) :
|b cuaderno de bitácora de los Agustinos recoletos de la Popa de la Galera de Cartagena de Indias, en sus cuatrocientos años de servicio a la iglesia evangelizadora /
|c José Rada Arina, Maite del Pilar Rada Mendoza, José Luis Arciniegas Herrera.
|
| 246 |
1 |
3 |
|a Cuaderno de bitácora de los Agustinos recoletos de la Popa de la Galera de Cartagena de Indias, en sus cuatrocientos años de servicio a la iglesia evangelizadora
|
| 264 |
|
1 |
|a Popayán, Colombia :
|b Editorial Universidad del Cauca,
|c [2018]
|
| 300 |
|
|
|a 1 online resource :
|b illustrations.
|
| 336 |
|
|
|a text
|b txt
|2 rdacontent
|
| 337 |
|
|
|a computer
|b c
|2 rdamedia
|
| 338 |
|
|
|a online resource
|b cr
|2 rdacarrier
|
| 347 |
|
|
|a text file
|2 rdaft
|
| 347 |
|
|
|b PDF
|
| 500 |
|
|
|a "Convocatoria 2015 modalidad: investigación"--Cover.
|
| 504 |
|
|
|a Includes bibliographical references (pages 417-424) and indexes.
|
| 505 |
0 |
|
|a Tras los ancestros popanos -- Apuntes de prehistoria popana -- Guía ilustrativa de los Anales del Convento de Santa Cruz de la Popa de la Galera, de los Agustinos Recoletos de Cartagena de Indias -- Pórtico de entrada -- La Popa, Ave Fénix Agustino Recoleta -- Perfiles geográficos y genealógicos del convento de la Popa -- Genealogía del monacato agustino-recoleto-misionero de la Popa -- La Recolección Augustiniana en España -- La Recolección Augustiniana en Colombia -- Historiografía popana -- El archivo de la Popa -- Mis vivencias popanas -- Cuaderno de bitácora del convento de Santa Cruz de la Popa de la Galera de Cartagena de Indias -- Lustro 1611-1615 -- Lustro 1616-1620 -- Lustro 1621-1625 -- Lustro 1626-1630.
|
| 588 |
0 |
|
|a Online resource; title from PDF title page (Digitalia, viewed December 2, 2019)
|
| 610 |
2 |
0 |
|a Convento de Santa Cruz de la Popa (Cartagena, Colombia)
|
| 610 |
2 |
0 |
|a Augustinian Recollects
|z Colombia
|x History.
|
| 650 |
|
0 |
|a Convents
|z Colombia
|z Cartagena
|x History.
|
| 655 |
|
0 |
|a Electronic books.
|
| 700 |
1 |
|
|a Rada Mendoza, Maite del Pilar,
|d 1971-
|e author.
|
| 700 |
1 |
|
|a Arciniegas Herrera, José Luis,
|e author.
|
| 791 |
2 |
|
|a Digitalia (Firm),
|e distributor.
|
| 793 |
0 |
|
|g Digitalia eBook Collection:
|a Editorial Universidad del Cauca
|
| 776 |
0 |
8 |
|i Print version:
|a Rada Arina, José, 1921-2015.
|t Anales del convento de Santa Cruz de la Popa de Cartagena de Indias (1606-2006).
|b Primera edición en español.
|d Popayán, Colombia : Editorial Universidad del Cauca, 2018
|z 9789587323146
|w (OCoLC)1083297824
|
| 856 |
4 |
0 |
|3 Digitalia Hispánica
|u https://www.digitaliapublishing.com/a/60615/
|
| 910 |
|
|
|a Premium collection: 2020
|